00636nam a2200169 a 450000100100000000500170001000800410002702000150006804000250008310000300010824500240013826000420016230000290020495201050023395201110033899900170044900004513320201002045915.0150204s1991 xxua 000 0 spa d a0978804899 aDO-SdBNPbspacBNPHU1 aRosario, Lucia del97035110aDisfruta la vida /. aEstados Unidos :bSERVIPRODER,c1991. a[26] p. :bil. ;c29 cm. 001050718MOaPDbPDcCTd2015-02-04iLF1l0o p45133-10r2020-06-25w2020-06-25y1ZNo se presta 001050718MOaPDbPDcCTd2015-02-04iLF1l0o p45133-20r2020-06-25te. 2w2020-06-25y1ZNo se presta c44622d44622